Memoria sobre las obras de salubrificacion (Record no. 159362)
[ view plain ]
| 000 -LEADER | |
|---|---|
| campo de control de longitud fija | 00995nam a22001575i 4500 |
| 001 - NÚMERO DE CONTROL | |
| campo de control | 159362 |
| 003 - IDENTIFICADOR DE NÚMERO DE CONTROL | |
| campo de control | ES-MaACL |
| 005 - FECHA Y HORA DE LA ÚLTIMA TRANSACCIÓN | |
| campo de control | 20230906211548.0 |
| 008 - DATOS DE LONGITUD FIJA--INFORMACIÓN GENERAL | |
| campo de control de longitud fija | 040909s1876 ag |||| | spa d |
| 040 ## - FUENTE DE CATALOGACIÓN | |
| Centro catalogador/agencia de origen | CAM |
| Lengua de catalogación | spa |
| Centro/agencia transcriptor | CAM |
| 245 00 - MENCIÓN DEL TÍTULO | |
| Título | Memoria sobre las obras de salubrificacion |
| Resto del título | : desde que se iniciaron hasta 31 de diciembre de 1874 con la esposicion de los motivos en los casos especiales que han guiado á la Comision al tomar sus resoluciones y cuenta general de los gastos hasta entonces, acompañada de un informe del ingeniero director de las obras Alfredo Moore, de los trabajos hechos y contratos celebrados / |
| Mención de responsabilidad, etc. | presentada por la comision que cesó en esta fecha. |
| 260 ## - PUBLICACIÓN, DISTRIBUCIÓN, ETC. | |
| Lugar de publicación, distribución, etc. | Buenos Aires : |
| Nombre del editor, distribuidor, etc. | [s.n.], |
| Fecha de publicación, distribución, etc. | 1876 ( |
| Fabricante | Imprenta del Mercurio) |
| 300 ## - DESCRIPCIÓN FÍSICA | |
| Extensión | 313 p., [3] h. pleg. ; |
| Dimensiones | 25 cm. |
| 505 8# - NOTA DE CONTENIDO CON FORMATO | |
| Nota de contenido con formato | Con port. propia: Memoria de la Comision de Aguas Corrientes Cloacas y adoquinados correspondiente al año de 1875 (1876), p.89-313 |
| 852 ## - LOCALIZACIÓN | |
| Ubicación | ES-MaACL |
| Número de control de estantería | G-6835 |
| Nota libre | -- Enc. pasta española |
| Estatus retirado | Estado de pérdida | Estado de daño | No para préstamo | Colección | Biblioteca de origen | Biblioteca actual | Ubicación en estantería | Fecha de adquisición | Fuente de adquisición | Total de préstamos | Signatura topográfica completa | Código de barras | Visto por última vez | Precio de reemplazo | Tipo de ítem Koha |
|---|---|---|---|---|---|---|---|---|---|---|---|---|---|---|---|
| Libros del s. XIX | Biblioteca del Ateneo de Madrid | Biblioteca del Ateneo de Madrid | Depósito 2 | 17/01/2008 | G-6835 | 1166830 | 23/02/2023 | 23/02/2023 | Libro impreso antiguo |
